000 00306nam a2200121 i 4500
001 bg
245 0 _aDrogi awansu społeczno-zawodowego inżynierów i magistrów chemii w PRL.
260 _aWarszawa,
_c1975.
040 _cBPK
041 _apol
942 _cKS
008 s pl f |000 0 pol
999 _c21373
_d21373
856 _uhttp://koha.tu.koszalin.pl/cgi-bin/koha/opac-detail.pl?biblionumber=21373
_yKatalog online BPK